000 00898nas a2200313 4500
001 BR0401617
003 BR-BrBNA
005 20231205104459.0
007 ta
008 230509b bl.|||p| |||| 00| 00por d
040 _aBR-BrBNA
_bpor
_cBiblioteca Nacional de Agricultura
041 _a(Pt)
072 _aH10
100 1 _aPires, L.M.
100 1 _aMarques, I.M.R.
245 1 _aAspectos biológicos da traça do tomateiro e armazenamento de seus ovos e pupas a baixas temperaturas
650 _aTRAÇA
650 _aTOMATE
650 _aBIOLOGIA
650 _aARMAZENAMENTO
650 _aOVO
650 _aPUPA
650 _aINCUBAÇÃO
650 _aTEMPERATURA
650 _aCONTROLE BIOLÓGICO
773 0 _tRevista de Agricultura (Brazil)
_xISSN 0034-7655
_g(Dec 2002), v. 77(3) p. 357-368
_wBR0401617
909 _a202311
_bLúcia
_c55
_dLúcia Elande
942 _2AGRIS
_n0
_cANA
999 _c178341
_d178341